000 00463nam a22001337a 4500
008 230321b |||||||| |||| 00| 0 eng d
040 _aNational Science Library
_cNational Science Library
080 _a378.4(943)(075.5)
_bK2
245 _aDepartment of external studies:
_c/ The University of Queensland Press
_bInformation booklet
260 _aAustralia:
_bThe University of Queensland Press,
_c1962
300 _a39p.
650 _aScience
942 _2udc
_cREP
999 _c48211
_d48211